<?xml version="1.0" encoding="UTF-8"?>
<collection xmlns="http://www.loc.gov/MARC21/slim">
 <record>
  <leader>01747nam a2200313 a 4500</leader>
  <controlfield tag="001">1/55473</controlfield>
  <controlfield tag="008">221124s2021    gr a     b    001 | gre d</controlfield>
  <datafield tag="020" ind1=" " ind2=" ">
   <subfield code="a">9789605246174 </subfield>
  </datafield>
  <datafield tag="040" ind1=" " ind2=" ">
   <subfield code="a">GR-PeUP</subfield>
  </datafield>
  <datafield tag="082" ind1="0" ind2="0">
   <subfield code="a">720.949512 ΤΣΙ</subfield>
  </datafield>
  <datafield tag="100" ind1="1" ind2=" ">
   <subfield code="a">Τσιώμης, Γιάννης.</subfield>
  </datafield>
  <datafield tag="245" ind1="1" ind2="2">
   <subfield code="a">Η Αθήνα ξενη στον ευατο της :</subfield>
   <subfield code="b">η γέννηση μιας νεοκλασικής πρωτεύουσας /</subfield>
   <subfield code="c">Γιάννης Τσιώμης ; μετάφραση Τίνα Τσιάτσικα.</subfield>
  </datafield>
  <datafield tag="260" ind1=" " ind2=" ">
   <subfield code="a">Ηράκλειο : </subfield>
   <subfield code="b">Πανεπιστημιακές Εκδόσεις Κρήτης, </subfield>
   <subfield code="c">2021.</subfield>
  </datafield>
  <datafield tag="300" ind1=" " ind2=" ">
   <subfield code="a">295 σ. :</subfield>
   <subfield code="b">έγχρ. εικ. ;</subfield>
   <subfield code="c">28 εκ.</subfield>
  </datafield>
  <datafield tag="490" ind1="1" ind2=" ">
   <subfield code="a">Ιστορία / Αρχιτεκτονική ;</subfield>
  </datafield>
  <datafield tag="500" ind1=" " ind2=" ">
   <subfield code="a">Μετάφραση του: Athènes à soi-même étrangère : naissance d'une capitale néoclassique.</subfield>
  </datafield>
  <datafield tag="650" ind1=" " ind2="0">
   <subfield code="a">Architecture and history </subfield>
   <subfield code="z">Greece</subfield>
   <subfield code="z">Athens.</subfield>
  </datafield>
  <datafield tag="650" ind1=" " ind2="0">
   <subfield code="a">City planning</subfield>
   <subfield code="z">Greece</subfield>
   <subfield code="z">Athens.</subfield>
  </datafield>
  <datafield tag="650" ind1=" " ind2="0">
   <subfield code="a">City planning</subfield>
   <subfield code="z">Greece</subfield>
   <subfield code="z">Athens</subfield>
   <subfield code="x">History </subfield>
   <subfield code="y">19th century.</subfield>
  </datafield>
  <datafield tag="650" ind1=" " ind2="0">
   <subfield code="a">Architecture, Modern</subfield>
   <subfield code="z">Greece</subfield>
   <subfield code="y">19th century.</subfield>
  </datafield>
  <datafield tag="650" ind1=" " ind2="0">
   <subfield code="a">Neoclassicim (Architecture) </subfield>
   <subfield code="z">Greece</subfield>
   <subfield code="z">Athens.</subfield>
  </datafield>
  <datafield tag="650" ind1=" " ind2="4">
   <subfield code="a">Πολεοδομία</subfield>
   <subfield code="z">Ελλάδα</subfield>
   <subfield code="z">Αθήνα</subfield>
   <subfield code="x">Ιστορία</subfield>
   <subfield code="y">19ος αιώνας.</subfield>
  </datafield>
  <datafield tag="650" ind1=" " ind2="4">
   <subfield code="a">Νεοκλασικισμός (Αρχιτεκτονική)</subfield>
   <subfield code="z">Ελλάδα</subfield>
   <subfield code="z">Αθήνα.</subfield>
  </datafield>
  <datafield tag="651" ind1=" " ind2="0">
   <subfield code="a">Athens (Greece)</subfield>
   <subfield code="x">History.</subfield>
   <subfield code="y">1821-</subfield>
  </datafield>
  <datafield tag="651" ind1=" " ind2="4">
   <subfield code="a">Αθήνα (Ελλάδα)</subfield>
   <subfield code="y">Ιστορία</subfield>
   <subfield code="x">Επανάσταση του 1821.</subfield>
  </datafield>
  <datafield tag="700" ind1="1" ind2=" ">
   <subfield code="a">Τσιάτσικα, Τίνα.</subfield>
  </datafield>
  <datafield tag="852" ind1=" " ind2=" ">
   <subfield code="a">INST</subfield>
   <subfield code="b">UNIPILB</subfield>
   <subfield code="c">MAIN</subfield>
   <subfield code="e">20221124</subfield>
   <subfield code="h">720.949512 ΤΣΙ</subfield>
   <subfield code="p">00188065</subfield>
   <subfield code="q">00188065</subfield>
   <subfield code="t">LOAN</subfield>
   <subfield code="y">0</subfield>
   <subfield code="4">1</subfield>
  </datafield>
  <datafield tag="852" ind1=" " ind2=" ">
   <subfield code="a">INST</subfield>
   <subfield code="b">UNIPILB</subfield>
   <subfield code="c">MAIN</subfield>
   <subfield code="e">20221124</subfield>
   <subfield code="h">720.949512 ΤΣΙ</subfield>
   <subfield code="p">00188066</subfield>
   <subfield code="q">00188066</subfield>
   <subfield code="t">LOAN</subfield>
   <subfield code="y">0</subfield>
   <subfield code="4">2</subfield>
  </datafield>
  <datafield tag="960" ind1=" " ind2=" ">
   <subfield code="a">ΑΛΜΠΑΝΗ ΤΑΝΙΑ</subfield>
  </datafield>
 </record>
</collection>
